000 00786cam a22002417a 4500
003 CHAP
005 20220329140804.0
008 971013s r 00010 d
010 _a57627
011 _a58599
035 _a62754
040 _cCHAP
090 _aR-668
100 0 0 _aSouty, Jacques.
_9108997
245 1 3 _aIl controllo del materiale di moltiplicazione in frutticultora ed il miglioramento della produzione del vivai sul piano internazionale
500 _aSobretiro de: Rivista dell'Ortoflorofrutticoltora Italiana 41(3-4):3-16, 1957
590 _aBATCH-UPD
_b10
_c20130110
_lUCH01
_h0509
590 _aCONVERSION
_b10
_c20130109
_lUCH01
_h1331
650 1 4 _aFruticultura.
_943684
901 _aBK
942 _cREIMP
949 _aR-668
_bBC
_cR
_d-134427
_eTS1
_i62754
_si
999 _c57627
_d57627